Del conocimiento a la poítica : (Registro nro. 20379)

Detalles MARC
000 -CABECERA
Campo de control 01087nam a2200277 a 4500
005 - FECHA Y HORA DE LA ULTIMA TRANSACCION
Campo de control 20190121093629.0
008 - ELEMENTOS DE LONGITUD FIJA—INFORMACION GENERAL
Campo de control 100113s2009 sp gr 00010 spa d
020 ## - ISBN
ISBN 9788498881035
040 ## - FUENTE DE CATALOGACIÓN
Agencia catalogadora original CO-BoBLA
Agencia transcriptora CO-BoBLA
041 1# - IDIOMA
Código de idioma para texto/pista de sonido o título separado Español
044 ## - PAÍS DE PUBLICACIÓN
País de publicación España
082 04 - NUMERO DE CLASIFICACION DECIMAL DEWEY
Número de clasificación 320.1
Número del ítem C26d
100 ## - ASIENTO PRINCIPAL--NOMBRE PERSONAL
Nombre personal Carden Fred
9 (RLIN) 101458
Término relacionado autor
245 10 - MENCION DE TITULO
Título Del conocimiento a la poítica :
Parte restante del título máximo aprovechamiento de la investigación para el desarrollo /
Mención de responsabilidad Fred Carden ; prefacio de Carol H. Weiss ; traducción del inglés Joan Soler Chic.
260 3# - PUBLICACION, DISTRIBUCION, ETC. (PIE DE IMPRENTA)
Lugar de publicación, distribución, etc. Barcelona :
Nombre del editor, distribuidor, etc. Icaria,
Fecha de publicación, distribución, etc. 2009.
300 ## - DESCRIPCION FISICA
Extensión 373 páginas ;
Dimensiones 23 cm.
504 ## - NOTA DE BIBLIOGRAFIA, ETC.
Nota de bibliografía Incluye bibliografías e indice.
534 ## - NOTA DE VERSION ORIGINAL
Frase introductoria Título original :
Título del original Knowledge to policy: making the most of development research.
650 ## - ASIENTO SECUNDARIO DE MATERIA - TERMINO TEMATICO
Término temático o nombre geográfico como elemento de entrada Planificación política
Subdivisión general Evaluación.
9 (RLIN) 101459
650 ## - ASIENTO SECUNDARIO DE MATERIA - TERMINO TEMATICO
Término temático o nombre geográfico como elemento de entrada Desarrollo económico
Subdivisión general Evaluació.
9 (RLIN) 101460
650 #6 - ASIENTO SECUNDARIO DE MATERIA - TERMINO TEMATICO
Término temático o nombre geográfico como elemento de entrada Política pública
Subdivisión general Evaluación.
9 (RLIN) 101461
700 1# - ASIENTO SECUNDARIO - NOMBRE PERSONAL
Nombre personal Weiss, Carol H.
9 (RLIN) 101462
700 1# - ASIENTO SECUNDARIO - NOMBRE PERSONAL
Nombre personal Soler Chic, Joan,
Término de relación tr.
9 (RLIN) 101463
942 ## - ELEMENTOS ADICIONALES (KOHA)
Sistema de clasificación Dewey Decimal Classification
Tipo de ítem Libro
949 ## - LOCAL PROCESSING INFORMATION (OCLC)
a n
b n
Existencias
Withdrawn status Lost status Sistema de Clasificación Damaged status No para préstamo Colección Ubicación Permanente Ubicación actual Fecha de adquisición Fuente de Valor Valor Total Checkouts Número topográfico Inventario / Código de Barras Date last seen Ejemplar Price effective from Forma de adquisición Tipo de material
    Dewey Decimal Classification     General Bogotá Bogotá 21/01/2019 Donado por Ricardo Carillo 60000.00   LB-320.1 C26d 043474 21/01/2019 Ej. 1 21/01/2019 Donación Libro